Statistics for All Songs on 1989(Taylors Version) Deluxe

Click here to take the quiz!

General Stats

  • This quiz has been taken 38 times
  • The average score is 13 of 21

Answer Stats

Answer% Correct
Shake It Off
92%
Blank Space
88%
Welcome to New York
83%
Out of The Woods
75%
Clean
71%
Slut!
71%
Style
71%
Bad Blood
67%
Wildest Dreams
67%
Suburban Legends
63%
Now That We Don't Talk
58%
Say Don't Go
58%
This Love
58%
Wonderland
58%
All You Had To Do Was Stay
54%
How You Get The Girl
54%
Is It Over Now?
54%
I Wish You Would
54%
New Romantics
54%
You Are In Love
50%
I Know Places
46%

Score Distribution

Percentile by Number Answered

Percent of People with Each Score

Your Score History

You have not taken this quiz